000 00730nam a2200241 a 4500
001 46932
003 BD-RjUL
005 20211209054231.0
008 160806m19611953enka b 001 0 eng
035 _a(BD-RjUL)47051
040 _aDLC
_cDLC
_dEQO
_dBD-RjUL
_beng
041 _aeng
082 0 0 _a330.1
_223
_bSTT 1961
100 1 _aStonier, Alfred W.
_q(Alfred William),
_d1905-
_97897
245 1 2 _aA textbook of economic theory /
_cAlfred W. Stonier, Douglas C. Hague.
260 _aLondon :
_bLongman,
_c1961
300 _ax, 513 p. :
_bill. ;
_c23 cm.
504 _aIncludes bibliograpies and index.
650 0 _aEconomics.
_97898
700 1 _aHague, Douglas Chalmers.
_97899
942 _2ddc
_cBK
999 _c46932
_d46932